Guess the Doctor Who Episode from the Quote - Random Edition - Statistics

General Stats
  • This quiz has been taken 122 times
  • The average score is 5 of 10
Answer Stats
Hint Answer % Correct
It's your fault. Now you'll burn with me. 42
100%
Don't worry. Everyone has abandoned me my whole life. But I haven't been alone for 65 years. 73 Yards
100%
He'll rise higher than ever before and then fall so much further, and I can't be with him till the very end. A Good Man Goes To War
100%
My mum's still on board. Army Of Ghosts
100%
Who really composed Beethoven's Fifth? Before The Flood
100%
And you can't kill a stone. Blink
100%
She's climbing out of the window, isn't she? Boom Town
100%
I am a multi-function, interactive welcome-droid. Helping you to help me to help you. Dark Water
100%
You see, I'm not Clara Oswald. Clara Oswald has never existed. Death In Heaven
100%
And don't look in that mirror. It's absolutely furious! Deep Breath
100%
Look, Solomon. The missiles. See them shine? See how valuable they are. And they're all yours. Dinosaurs On A Spaceship
100%
And I suppose, if it's one last chance to say it, Rose Tyler- Doomsday
100%
The most wonderful man in the world. Died the 7th of November, 1987. Father's Day
100%
You just took a council axe from a council van and now you're digging up a council road! I'm reporting you to the council! Fear Her
100%
Funny thing is, this means you've always known how I was going to die. Forest Of The Dead
100%
They say, people go missing, on the Motorway. Some cars just vanish. Gridlock
100%
Four and a half billion years? Hell Bent
100%
The forest. It's in all the stories that kept you awake at night. The forest is mankind's nightmare. In The Forest Of The Night
100%
Ham and cheese toastie and a pumpkin latte? Joy To The World
100%
So, all of time and all of space is sitting out there. A big blue box. Please, don't even argue. Last Christmas
100%
One word, just one thought, at one moment...But with fifteen satellites. Last Of The Time Lords
100%
She's taken his voice! Midnight
100%
No, I just saved you and I let everyone else suffocate. Ha, ha, ha. Mummy On The Orient Express
100%
Oh, oh, two hearts! Oh, baby, I'm beating out a samba! New Earth
100%
Yeah, the scareder you are, the faster you suffocate. So, relax or die. Oxygen
100%
The fat just walks away! Partners In Crime
100%
They swarm out of a wormhole, strip the planet bare, then move on to the next world. Planet Of The Dead
100%
They're born with their brains in their hands. Don't you see, that makes them peaceful. Planet Of The Ood
100%
Skin of metal and a body that will never age or die. Rise Of The Cybermen
100%
Oh, my God. I'm the tin dog. School Reunion
100%
Language assimilated. Designation Earth English. Smith And Jones
100%
I am learning the vocabulary of rope! The Church On Ruby Road
100%
I could be a curator. I'd be great at curating. I'd be the Great Curator. I could retire and do that. I could retire and be the curator of this place. The Day Of The Doctor
100%
Borrowing implies the intention to return the thing that was taken. What makes you think I would ever give you back? The Doctor's Wife
100%
My spaceman angel, with his head on backwards. The Doctor, The Widow And The Wardrobe
100%
Could I have an apple? The Eleventh Hour
100%
Well, exactly. Look at you. Not remotely important. But me? I could do so much more. So much more! But this is what I get. My reward. And it's not fair! The End Of Time - Part Two
100%
You fought her off with a water pistol, I bloody love you! The Fires Of Pompeii
100%
The clock on the mantel is broken. It is time. Doctor! Doctor! The Girl In The Fireplace
100%
It's funny. You don't know what's going to be in your room until you see it, then you realise it could have never been anything else. The God Complex
100%
Good Lord. Colour television! The Idiot's Lantern
100%
With the push of a single button, I will change what it means to be human! The Lazarus Experiment
100%
Remember every black day I ever stopped you, and then, and then, do the smart thing. Let somebody else try first. The Pandorica Opens
100%
You've got three fingers. The Poison Sky
100%
Oh, fifty-seven academics just punched the air! The Shakespeare Code
100%
Remove one tenth of the population! The Sound Of Drums
100%
It's them aliens, I'll bet my pension. The Stolen Earth
100%
How is Harvey Wallbanger one word? The Unicorn And The Wasp
100%
I will bend the heavens to save my race, while you philosophise. The Vampires Of Venice
100%
For a long time now, I thought I was just a survivor, but I'm not. I'm the winner. That's who I am. The Time Lord Victorious. The Waters Of Mars
100%
Unwelcome guests. We're going to need the Teller. Time Heist
100%
Indeed. Then you may think on this also. That I am not amused. Tooth And Claw
100%
HC Clements is in the City. It's nice, it's posh, so stop it. Turn Left
100%
The Professor was an invention. So perfect a disguise, I forgot who I am. Utopia
100%
Then choose, Doctor. Destroy the Daleks or save the Earth. Victory Of The Daleks
100%
Thank you all for wearing your ID cards. They'll help to identify the bodies. Aliens Of London
75%
Oh, my Lord. She's a cactus. The End Of Time - Part One
75%
What kind of idiot would steal a faulty Tardis? The Name Of The Doctor
75%
Santa's a robot. The Runaway Bride
75%
Rid the Universe of your filth. Why don't you just die? Dalek
67%
So, we're either inside the dolls' house or this a refuge for dirty posh people who eat wooden food. Night Terrors
67%
Your eyes. You're younger than I've ever seen you. Silence In The Library
67%
Stand with me. It's all I've ever wanted. The Doctor Falls
67%
For the god of all gods has returned, and his names are many. The Legend Of Ruby Sunday
67%
For God's sake, kiss the girl! The Lodger
67%
Oh, you like to thing you're a god. But you're not a god. You're just a parasite eaten out with jealousy and envy and longing for the lives of others. The Rings Of Akhaten
67%
Can we have the lights and siren on? The Woman Who Fell To Earth
60%
You are monsters. That is the role you seem determined to play. So it seems I must play mine. The man that stops the monsters. Flatline
50%
I hate gardening! What sort of a person has a power complex about flowers? Heaven Sent
50%
Mother of Mine is dying to meet you. Human Nature
50%
Don't be lasagne. Into The Dalek
50%
I've lived longer, seen more, loved more and lost more. I can share it all with you. It Takes You Away
50%
Oh, that's magnificent! I'm going to wear lots of jodhpurs. Let's Kill Hitler
50%
Perhaps they're all just waiting, perhaps when we're all dead, out they'll come a-slithering from underneath the bed. Listen
50%
A mystery wrapped in an enigma squeezed into a skirt that's just a little bit too tight. Nightmare In Silver
50%
Yo ho ho! Or does nobody actually say that? The Curse Of The Black Spot
50%
Before this war began, I was a father and a grandfather. Now I am neither. But I'm still a doctor. The Empty Child
50%
Bid farewell to the cradle of civilisation. Let us mourn her with a traditional ballad. The End Of The World
50%
We wanted to live forever. So the Doctor made sure that we did. The Family Of Blood
50%
Come to Daddy. I mean Mummy. The Ghost Monument
50%
And I did have children. I slit their throats when they joined the resistance! The Haunting Of Villa Diodati
50%
Open door 40! Open door 40! Open door 40! Open door 40! Open door 40! The Impossible Planet
50%
Know what you are? A great big outer space dunce. The Sontaran Stratagem
50%
She'll die on you, you know. She'll blow away like smoke. The Woman Who Lived
50%
The universe generally fails to be a fairy tale. But that's where we come in. Twice Upon A Time
50%
We reduce the Earth to molten slag, then sell it piece by piece. World War Three
50%
Well, Doctor. Which of us shall blink first? Cold War
33%
Allocated surrender period has expired. Consequence, extermination! Resolution
33%
Excuse me, you've got something there, just in the corner of your eye. Sleep No More
33%
So relax, do as you're told. Your future is taken care of. The Lie Of The Land
33%
Everything ends, and it's always sad. But everything begins again too, and that's always happy. The Return Of Doctor Mysterio
33%
You've decided that the universe is better off without you, but the universe doesn't agree. The Wedding Of River Song
33%
Human beings are not otters! The Caretaker
25%
When you love the Doctor, it's like loving the stars themselves. You don't expect a sunset to admire you back. The Husbands Of River Song
25%
It suits you, flustered. It's a good look. You should try it more often. Rogue
20%
One last day with your beloved. Which day would you choose? A Christmas Carol
0%
If you had any more tawdry quirks you could open up a Tawdry Quirk Shop. Amy's Choice
0%
Are you Ed Sheeran? Is he Ed Sheeran? Everyone talks about Ed Sheeran round about now, don't they? Arachnids In The UK
0%
Every empire has its time, and every empire falls. But that which is dead can live again... in the hands of a believer. Ascension Of The Cybermen
0%
Where do you get milk for the soufflés? Asylum Of The Daleks
0%
When did killing someone become an option? A Town Called Mercy
0%
Welcome to The Weakest Link! Bad Wolf
0%
Faith. The magic word that keeps you never having to think for yourself. Boom
0%
You know the best part of humanity? The thing that truly sets them apart? The cruelty of their own minds directed towards themselves. Can You Hear Me?
0%
Your dad's trying his best, you know. Yes, I know it's not his fault he doesn't have mammary glands. Closing Time
0%
You make him the best of humanity, in the way you couldn't be. Cold Blood
0%
The children of Skaro must walk again! Daleks In Manhattan
0%
You should kill us all on sight. Day Of The Moon
0%
Something I believe in my faith. Love, in all its forms, is the most powerful weapon we have, because love is a form of hope and, like hope, love abides in the face of everything. Demons Of The Punjab
0%
He was born Coombes. C comes before P! Dot And Bubble
0%
I was named after a road. Empire Of Death
0%
We are both surrounded by noisy males. I would value your opinion. Empress Of Mars
0%
My friend Lauren actually says that good-hearted weirdos are actually the keepers, so... Eve Of The Daleks
0%
You are the last of your kind. And now I am the first of mine. Evolution Of The Daleks
0%
9. 48. 103. A million. Seven million and seven. 67. 905. 20,460. 12. 4. 87. 702! Extremis
0%
The Doctor is no longer here! You are stuck with me. Face The Raven
0%
Doctor, I'm five. I mean, five. Fine! I'm fine. Flesh And Stone
0%
That's it! Back up or Daddy Rhinoform gets it! Fugitive Of The Judoon
0%
This isn't a ghost story, it's a love story! Hide
0%
People and planets and stars will become dust, and the dust will become atoms, and the atoms will become nothing. Journey's End
0%
Lancashire. Sass. Identifiable substance. Clara. Journey To The Centre Of The TARDIS
0%
Customers with your current medical symptoms browsed blood pressure medication. Kerblam!
0%
You want today to be the day life on Earth stopped because you couldn't make an unfair decision? Kill The Moon
0%
What's the point in surviving if you never see anyone, if you hide yourself away from the world? When did you last open the shutters? Knock Knock
0%
I think you're one of the greatest people I've ever known. Including my wife. Legend Of The Sea Devils
0%
It's a relationship, of sorts, but we manage. We've even got a bit of a love life. Love & Monsters
0%
Your work would burn a path across the galaxies. On Earth, you are nothing. Nikola Tesla's Night Of Terror
0%
This planet, this construction, is not just a fallacy, not just futile hubris, it is heresy. Once, Upon Time
0%
Now, are you and your excellent tail going to let me have a look, or am I going to have to bark at you? Cos I will. Orphan 55
0%
Seven billion lives, separate and connected, from the depths of the oceans to the edge of the atmosphere. Praxeus
0%
There is only one purification. Exterminate! Revolution Of The Daleks
0%
You're as pale as milk. It's the way with Scots. They're strangers to vegetables. Robot Of Sherwood
0%
Banksy doesn't have one of those. Or have I? Rosa
0%
So, may I suggest, with the greatest respect, that you shunt off? Rose
0%
Once, long ago, a fisherman caught a magic haddock. Smile
0%
All of this is bogeys. Space Babies
0%
Now, do you really think that I would not make that sonic-proof, Doctor? Come on! Spyfall, Part 1
0%
Don't make me do the old soft-shoe shuffle! Spyfall, Part 2
0%
You judge me for giving you the journey of your lifetime. Survivors Of The Flux
0%
I could set you free. Would you not want that? A life without pain? The Age Of Steel
0%
Left to rot, fully conscious. Can you imagine what kind of hell they're in? The Almost People
0%
And you'll live out the rest of your life in this room, until you die in that bed. The Angels Take Manhattan
0%
Keep your faith. Travel hopefully. The universe'll surprise you... constantly. The Battle Of Ranskoor Av Kolos
0%
Nobody talk to me. Nobody human has anything to say to me today! The Beast Below
0%
I don't know where I am. Where am I? Please tell me where I am. I don't know where I am. The Bells Of Saint John
0%
You know this is all just a story, don't you? You know there's no such thing as stars. The Big Bang
0%
Am I ginger? The Christmas Invasion
0%
You hag! You perfidious hag! You virago! You harpy! The Crimson Horror
0%
Playing lovesick songs for heartbroken lesbians. The Devil's Chord
0%
Close the door, will you? Your ship's about to blow up. There's going to be a draught. The Doctor Dances
0%
You're an echo, that's all. A Time Lord is so much more. The Doctor's Daughter
0%
Death by Scotland. The Eaters Of Light
0%
Stooky Babbies are so sweet. Stooky Babbies want to eat. The Giggle
0%
I'm the Doctor, and I save people. The Girl Who Died
0%
Hey, I don't care that you got old. I care that we didn't grow old together. The Girl Who Waited
0%
The end of the universe. I always wondered what it would feel like. The Halloween Apocalypse
0%
I know apes better than you know yourselves. I know which one of you will kill me. Do you? The Hungry Earth
0%
These are my top operatives, the Legs, the Nose, and Mrs Robinson. The Impossible Astronaut
0%
The right word in the right broadcast repeated often enough can destabilise an economy, invent an enemy, change a vote. The Long Game
0%
Today, I shall be talking to you out of the square window! The Magician's Apprentice
0%
Tardis. T A R D I S. It stands for Tethered Aerial Release Developed In Style. The Next Doctor
0%
Then prove yourself, Doctor. What are you, coward or killer? The Parting Of The Ways
0%
A really posh kitchen, all metal. What happened with the doors, though? Did you run out of money? The Pilot
0%
Last time I saw you, you were half cat. The Power Of The Doctor
0%
Because you were the first. The first face this face saw. The Power Of Three
0%
We must be wanted. We must be loved. To rule through fear is inefficient. The Pyramid At The End Of The World
0%
I am Jennifer Lucas. I remember everything that happened in her entire life. Every birthday, every childhood illness. I feel everything she has ever felt and more. The Rebel Flesh
0%
I am the Prince and the Fall and the enemy. I am the sin and the fear and the darkness. The Satan Pit
0%
Sir, emergency! I think I've been run over by a cab. The Snowmen
0%
It's a shame you're not a woman any more, cos she'd have understood. The Star Beast
0%
I have won, Doctor. You may have made me, but I have destroyed you. Become death. Become me. The Timeless Children
0%
Like I said on the dance floor, you might want to find something to hang on to. The Time Of Angels
0%
And the people of the town came to love the man who stayed for Christmas. The Time Of The Doctor
0%
Siobhan Chamberlain with the goal kick for England! Boom! The Tsuranga Conundrum
0%
I've read them all. Great Expectations, Oliver Twist and what's the other one, the one with the ghost? The Unquiet Dead
0%
Nothing is forever. No regeneration, no life. Beware of the forces that mass against you. And their Master. The Vanquishers
0%
That night I felt it growing inside me. The mark of Satan. The Witchfinders
0%
No, he's the Doctor. He fell into a nest of vampire monkeys. But that's another story! The Witch's Familiar
0%
I'm sorry, but Clara's dead. The Zygon Invasion
0%
London! What a dump. The Zygon Inversion
0%
Human progress isn't measured by industry, it's measured by the value you place on a life. An unimportant life. A life without privilege. Thin Ice
0%
It's impossible. I hate it. It's evil. It's astonishing. I want to kiss it to death. Under The Lake
0%
You stop right there! You are observed, and that is my power over you. Village Of The Angels
0%
Pain is easy to portray, but to use your passion and pain to portray the ecstasy and joy and magnificence of our world. No one had ever done it before. Perhaps no one ever will again. Vincent And The Doctor
0%
Every Christmas Eve, the people of Yookay go to war, with the country of Turkey. Voyage Of The Damned
0%
Your blood shall soak our uniforms, your bodies shall soften our steps. War Of The Sontarans
0%
Fenslaw. Wild Blue Yonder
0%
This won't stop you feeling pain, but it will stop you caring about it. World Enough And Time
0%
No matching quizzes found
Score Distribution
Percent of People with Each Score
Percentile by Number Answered
Your Score History
You have not taken this quiz